00779nam a2200193Ia 4500003000900000008004100009040001600050080002100066245018400087260006800271300002300339490003700362650004100399650003600440650003600476700002300512700002500535700002500560IN-BaIIA211028s9999 xx 000 0 eng d cIIA Library a083.8:52-76bGEZ 0aCatalog of infrared observations including bibliography of Infrared astronomy and index of infrared source positionscedited by D. Y. Gezari, Marion Schmitz and Jaylee M. Meao  aWashingtonbNational Aeronautics and Space Administrationc1984 a[various pagings.] aNASA reference publication; 1118 aAstronomy and Astrophysics Thesaurus aCatalogue-Infrared Observations aInfrared Observations Catalogue aGezari, D. Y., ed. aMeao, Jaylee M., ed. aSchmitz, Marion, ed.